Score 0/20 Timer 10:00
0 Plays Today
% Correct
Eureka!
98.2%
Diat Deus
96.4%
Nil sine numine
96.4%
Dirigo
96.4%
Ense petit placidam sub libertate
96.4%
Virtute et armis
96.4%
Excelsior!
96.4%
Labor omnia vincit
96.4%
Iustitia omnibus
94.5%
Qui transtulit sustinet
94.5%
% Correct
Esto perpetua
94.5%
Salus populi suprema lex est
94.5%
Crescit eundo
94.5%
Esse quam videri
94.5%
Joannes set noman eius
94.5%
Dum spiro, spero
94.5%
Alis volat propiis
94.5%
Crescite et multiplicamini
94.5%
Cedant arma togae
94.5%
Regnat Populus
90.9%
Remove Ads.
Support Sporcle.
Get the best of Sporcle when you Go Orange. This ad-free experience offers more features, more stats, and more fun while also helping to support Sporcle. Thank you for becoming a member.

You're not logged in!

Compare scores with friends on all Sporcle quizzes.
OR
Log In

Show Comments

Extras

Created Sep 25, 2013ReportNominate
Tags:Latin Quiz, State Quiz, motto

Top Quizzes Today


Score Distribution

Your Account Isn't Verified!

In order to create a playlist on Sporcle, you need to verify the email address you used during registration. Go to your Sporcle Settings to finish the process.

Report this User

Report this user for behavior that violates our Community Guidelines.

Details: